| 000 | 00904nam a22002657a 4500 | ||
|---|---|---|---|
| 003 | OSt | ||
| 005 | 20240530073924.0 | ||
| 008 | 210223b 2020 dr a 00| 0 eng d | ||
| 020 | _a9789945927115 | ||
| 040 |
_aDO-SdBNP _bspa _cBNPHU |
||
| 082 | 4 |
_aRD863.44 _bP438c, 2020 _222 |
|
| 100 | 1 |
_aPérez, Carlos, _d1958- _977881 |
|
| 245 | 1 | 0 |
_aCalígine / _cCarlos Antonio Pérez Guzmán ; cuidado de la edición Yorki Pérez y Ronald Pérez. |
| 250 | _a6a. ed. | ||
| 260 |
_aSanto Domingo : _bPoetas de la Era, _c2020. |
||
| 300 |
_a58 p. : _bil. ; _c23 cm. |
||
| 500 | _aIncluye datos biográficos del autor en las solapas | ||
| 590 | _aInventariado, 2021 /LP | ||
| 650 | 0 |
_aNovela dominicana _9223 |
|
| 650 | 0 |
_aLITERATURA DOMINICANA _978268 |
|
| 700 | 1 |
_a Pérez, Yorki, _e edición _977902 |
|
| 700 | 1 |
_aPérez, Ronald _eedición _977903 |
|
| 910 | _aValidado.Control de calidad MFF | ||
| 942 |
_2ddc _cLBS1 |
||
| 999 |
_c49439 _d49439 |
||